Villes du Lac Léman - Statistiques

Statistiques générales
  • Ce quiz a été pris 89 fois
  • Le résultat moyen est 7 sur 14
Statistiques - réponses
Ville Population % Correct
Genève 203 840
100%
Lausanne 141 418
97%
Évian-les-Bains 9 214
91%
Thonon-les-Bains 37 027
87%
Montreux 26 230
81%
Nyon 22 465
55%
Vevey 19 738
54%
Gland 13 664
39%
Morges 17 529
36%
Versoix 13 337
19%
Pully 18 984
15%
Lutry 10 718
12%
Collonge-Bellerive 8 496
9%
La Tour-de-Peilz 12 382
9%
Aucun quiz correspondant
Distribution des résultats
% des personnes avec chaque résultat
Percentile par nombre de réponses
Votre historique - résultats
Vous n’avez pas pris ce quiz